Every Movie Directed by Buster Keaton - Statistics

General Stats
  • This quiz has been taken 7 times
  • The average score is 9 of 12
Answer Stats
Year Film % Correct
1928 The Cameraman
100%
1926 The General
100%
1923 Our Hospitality
80%
1924 Sherlock Jr.
80%
1928 Steamboat Bill, Jr.
80%
1923 Three Ages
80%
1926 Battling Butler
60%
1927 College
60%
1925 Go West
60%
1925 Seven Chances
60%
1929 Spite Marriage
60%
1924 The Navigator
60%
No matching quizzes found
Score Distribution
Percent of People with Each Score
Percentile by Number Answered
Your Score History
You have not taken this quiz